La empresa como realidad estética / (Record no. 16446)

MARC details
000 -LEADER
campo de control de longitud fija 00822nam a2200217 i 4500
001 - NÚMERO DE CONTROL
campo de control 16446
003 - IDENTIFICADOR DE NÚMERO DE CONTROL
campo de control ES-MaACL
005 - FECHA Y HORA DE LA ÚLTIMA TRANSACCIÓN
campo de control 20250816062543.0
007 - CAMPO FIJO DE DESCRIPCIÓN FÍSICA--INFORMACIÓN GENERAL
campo de control de longitud fija t|
008 - DATOS DE LONGITUD FIJA--INFORMACIÓN GENERAL
campo de control de longitud fija 000921s1991 sp ||||1| spa d
080 ## - NÚMERO DE LA CLASIFICACIÓN DECIMAL UNIVERSAL
Número de la Clasificación Decimal Universal 111.852(04)
100 1# - ENTRADA PRINCIPAL--NOMBRE DE PERSONA
Nombre de persona Sánchez Asiaín, José Angel.
9 (RLIN) 102472
245 13 - MENCIÓN DEL TÍTULO
Título La empresa como realidad estética /
Mención de responsabilidad, etc. discurso del académico electo ... D. José Angel Sánchez Asiaín y contestación de ... D. Federico Sopeña Ibáñez.
260 ## - PUBLICACIÓN, DISTRIBUCIÓN, ETC.
Lugar de publicación, distribución, etc. Madrid :
Nombre del editor, distribuidor, etc. Real Academia de Bellas Artes de San Fernando,
Fecha de publicación, distribución, etc. 1991.
300 ## - DESCRIPCIÓN FÍSICA
Extensión 60 p. ;
Dimensiones 24 cm.
650 #7 - PUNTO DE ACCESO ADICIONAL DE MATERIA--TÉRMINO DE MATERIA
Término de materia o nombre geográfico como elemento de entrada Estética
Fuente del encabezamiento o término embne
9 (RLIN) 142387
700 1# - ENTRADA AGREGADA--NOMBRE PERSONAL
Nombre de persona Sopeña Ibáñez, Federico,
Fechas asociadas al nombre 1917-1991
9 (RLIN) 107321
710 2# - ENTRADA AGREGADA--NOMBRE DE ENTIDAD CORPORATIVA
Nombre de entidad corporativa o nombre de jurisdicción como elemento de entrada Real Academia de Bellas Artes de San Fernando.
9 (RLIN) 6291
852 ## - LOCALIZACIÓN
Ubicación ES-MaACL
Número de control de estantería G-2153
Sublocalización o colección R.120746
Holdings
Estatus retirado Estado de pérdida Estado de daño No para préstamo Biblioteca de origen Biblioteca actual Ubicación en estantería Fecha de adquisición Fuente de adquisición Total de préstamos Signatura topográfica completa Código de barras Visto por última vez Precio de reemplazo Tipo de ítem Koha
        Biblioteca del Ateneo de Madrid Biblioteca del Ateneo de Madrid Depósito 2 17/01/2008     G-2153 1016708 23/02/2023 23/02/2023 Libro impreso